[Event "otb"]
[Site "otb"]
[Date "2007.03.08"]
[Round "8"]
[White "Ruck Robert"]
[Black "Bischoff Klaus"]
[Result "1/2-1/2"]
[WhiteElo "2531"]
[BlackElo "2532"]
[PlyCount "41"]
[Source "www.chesslib.no"]
[SourceDate "2004.05.04"]

1. Nf3 Nf6 2. c4 c6 3. d4 d6 4. Nc3 Nbd7 5. g3 e5 6. Bg2 Be7 7. O-O O-O 8. Qc2 Qc7 9. Rd1 Re8 10. Be3 Bf8 11. h3 exd4 12. Bxd4 h6 13. b3 b6 14. Nd2 Bb7 15. Nde4 Nh7 16. Rac1 Rad8 17. Kh2 Qb8 18. Be3 Ne5 19. Bd4 Nd7 20. Nd2 a6 21. Nf3 1/2-1/2

[Event "CRO-chT"]
[Site "Medulin"]
[Date "1997.??.??"]
[Round "?"]
[White "Rukavina, Josip"]
[Black "Movsesian, Sergei"]
[Result "1/2-1/2"]
[WhiteElo "2425"]
[BlackElo "2630"]
[PlyCount "62"]
[EventDate "1997.??.??"]
[Source "www.chesslib.no"]
[SourceDate "2004.05.04"]

1. Nf3 Nf6 2. c4 d6 3. d4 Nbd7 4. Nc3 e5 5. Bg5 c6 6. e3 Be7 7. Be2 O-O 8. O-O Ne8 9. Bxe7 Qxe7 10. b4 f5 11. b5 e4 12. Nd2 Ndf6 13. bxc6 bxc6 14. Rb1 c5 15. Nb3 Be6 16. Na5 Qc7 17. Qa4 Bd7 18. Qa3 cxd4 19. exd4 f4 20. f3 e3 21. Rb7 Qc8 22. Rfb1 d5 23. cxd5 Nd6 24. Qxd6 Qxc3 25. Nc6 Qc2 26. R7b2 Qc3 27. Ne7+ Kf7 28. Qe5 Rfe8 29. Rb3 Qc2 30. R3b2 Qc3 31. Rb3 Qc2 1/2-1/2

[Event "Australia"]
[Site "?"]
[Date "1992.??.??"]
[Round "?"]
[White "Miles, A."]
[Black "Jamieson, P."]
[Result "1-0"]
[WhiteElo "2595"]
[BlackElo "2455"]
[PlyCount "45"]
[EventDate "1992.??.??"]
[Source "ChessBase"]
[SourceDate "1992.06.01"]

1. d4 Nf6 2. Nf3 d6 3. c4 Nbd7 4. Nc3 e5 5. Bg5 Be7 6. Qc2 c6 7. e3 O-O 8. O-O-O Qc7 9. Bd3 Re8 10. g4 Nxg4 11. Bxh7+ Kh8 12. Rhg1 Nf8 13. Bd3 Bxg5 14. Nxg5 Nh6 15. Rg3 Re7 16. Rdg1 Bd7 17. Qd1 f6 18. Nge4 exd4 19. Nxf6 Qa5 20. Ncd5 Rf7 21. Qh5 Rxf6 22. Rxg7 Be6 23. Qg5 1-0

[Event "Novgorod op"]
[Site "Novgorod"]
[Date "1999.03.19"]
[Round "10"]
[White "Galliamova, Alisa"]
[Black "Prokopchuk, Evgeny"]
[Result "1-0"]
[WhiteElo "2558"]
[BlackElo "2489"]
[PlyCount "71"]
[EventDate "1999.03.19"]
[Source "ChessBase"]
[SourceDate "1999.05.10"]

1. Nf3 Nf6 2. c4 d6 3. d4 Nbd7 4. Nc3 e5 5. Bg5 Be7 6. e3 c6 7. Qc2 O-O 8. O-O-O Qa5 9. Bd3 Re8 10. g4 exd4 11. exd4 Nf8 12. h3 a6 13. Rhe1 Be6 14. Bd2 Qd8 15. Ng5 Bd7 16. f4 b5 17. c5 h6 18. cxd6 Bxd6 19. Nce4 Nxe4 20. Nxe4 Be6 21. Kb1 Bd5 22. g5 hxg5 23. fxg5 Ne6 24. Nxd6 Qxd6 25. Be3 Qg3 26. Bc1 Nf8 27. Be4 Qxh3 28. Bxd5 cxd5 29. Rh1 Qe6 30. Ka1 Ng6 31. Qh2 a5 32. Bf4 Ra6 33. Be5 Kf8 34. Qh7 Nxe5 35. dxe5 Qxe5 36. Rhe1 1-0

[Event "Moscow-ch"]
[Site "Moscow"]
[Date "1997.??.??"]
[Round "8"]
[White "Rustemov, Alexander"]
[Black "Vorotnikov, Vladislav V"]
[Result "1/2-1/2"]
[WhiteElo "2550"]
[BlackElo "2495"]
[PlyCount "59"]
[EventDate "1997.??.??"]
[Source "www.chesslib.no"]
[SourceDate "2004.05.04"]

1. d4 Nf6 2. c4 d6 3. Nf3 Nbd7 4. Nc3 e5 5. g3 c6 6. Bg2 e4 7. Ng5 d5 8. cxd5 cxd5 9. Qb3 h6 10. Nh3 Nb6 11. O-O Be7 12. Bf4 O-O 13. Be5 g5 14. a4 Be6 15. a5 Nc4 16. Qxb7 Ng4 17. Rfd1 Ngxe5 18. dxe5 Rb8 19. Qxa7 Nxb2 20. Rdb1 Bb4 21. Qd4 Bxa5 22. Nxd5 Qxd5 23. Qxd5 Bxd5 24. Rxa5 Be6 25. Rc5 Nd3 26. Rcb5 Rxb5 27. Rxb5 Rc8 28. Rb1 Nxe5 29. Rf1 Kg7 30. f4 1/2-1/2

[Event "It (Open) INT"]
[Site "?"]
[Date "2006.05.06"]
[Round "?"]
[White "Kotsur Pavel"]
[Black "Bryzgalin Kirill"]
[Result "0-1"]
[WhiteElo "2570"]
[BlackElo "2473"]
[PlyCount "92"]
[EventDate "2006.??.??"]
[Source "www.chesslib.no"]
[SourceDate "2004.05.04"]

1. c4 e5 2. g3 Nf6 3. Bg2 Be7 4. Nf3 d6 5. d4 Nbd7 6. O-O O-O 7. Nc3 c6 8. b3 Re8 9. e4 a6 10. Bb2 b5 11. d5 cxd5 12. cxd5 Nc5 13. Nd2 Nd3 14. Qc2 Nxb2 15. Qxb2 Bd7 16. a4 Qb6 17. a5 Qa7 18. Na2 Rec8 19. Rac1 Bd8 20. Qa3 Ne8 21. Nb4 Qd4 22. Nf3 Qxe4 23. Nc6 Bxc6 24. dxc6 Bc7 25. Rfd1 Nf6 26. b4 Qf5 27. Qb3 Rd8 28. h3 d5 29. g4 Qe6 30. Rc5 h6 31. Re1 e4 32. Nd4 Qe5 33. Nf5 g6 34. Ng3 Kg7 35. Kf1 Re8 36. Qc2 Qf4 37. Qc3 Rad8 38. Qc2 Qd6 39. Qe2 Re7 40. Rcc1 Rde8 41. Rc5 d4 42. Qb2 e3 43. Re2 exf2 44. Rxe7 Rxe7 45. Ne2 d3 46. Rd5 dxe2+ 0-1

[Event "III Internacional Gov. Mario Covas"]
[Site "Santos"]
[Date "2003.04.29"]
[Round "2.3"]
[White "Morovic Fernandez, Ivan"]
[Black "Hoffman, Alejandro"]
[Result "1-0"]
[WhiteElo "2551"]
[BlackElo "2485"]
[PlyCount "99"]
[EventDate "2003.04.22"]
[Source "Roberto Alvarez"]
[SourceDate "2003.05.05"]

1. d4 d6 2. Nf3 Nf6 3. c4 Nbd7 4. Nc3 e5 5. Bg5 Be7 6. e3 O-O 7. Be2 c6 8. Qc2 Ne8 9. Bxe7 Qxe7 10. O-O f5 11. b4 g5 12. c5 d5 13. Nxe5 Nxe5 14. dxe5 Qxe5 15. Qd2 f4 16. Rad1 Nc7 17. e4 Be6 18. Qd4 Qxd4 19. Rxd4 Bf7 20. exd5 Nxd5 21. Ne4 h6 22. Bc4 Kh8 23. Nd6 Nc3 24. Nxf7+ Rxf7 25. Re1 Nd5 26. Bxd5 Rd7 27. Re6 Rad8 28. Rxh6+ Kg7 29. Rh5 Kf6 30. h4 Rxd5 31. Rxd5 Rxd5 32. Rxg5 Rd1+ 33. Kh2 Rd2 34. f3 Rxa2 35. Rg4 Kf5 36. Rg7 a5 37. Rf7+ Ke5 38. Rxb7 axb4 39. Rxb4 Rc2 40. Kh3 Kf5 41. Rb8 Rxc5 42. Rf8+ Ke5 43. Rg8 Rc2 44. h5 Ra2 45. h6 Ra7 46. Rg7 Ra8 47. h7 Rh8 48. Kg4 c5 49. Kg5 c4 50. Kg6 1-0

[Event "Lone Pine"]
[Site "Lone Pine"]
[Date "1975.??.??"]
[Round "8"]
[White "Csom, Istvan"]
[Black "Quinteros, Miguel A"]
[Result "0-1"]
[WhiteElo "2530"]
[BlackElo "2505"]
[PlyCount "46"]
[EventDate "1975.??.??"]
[Source "www.chesslib.no"]
[SourceDate "2004.05.04"]

1. Nf3 d6 2. d4 Nf6 3. c4 c6 4. Nc3 Nbd7 5. g3 e5 6. Bg2 Be7 7. O-O O-O 8. Qc2 Re8 9. h3 Bf8 10. e4 a6 11. Rd1 b5 12. c5 exd4 13. Nxd4 dxc5 14. Nxc6 Qb6 15. Nd5 Qxc6 16. e5 Nxe5 17. f4 Nxd5 18. Bxd5 Qb6 19. Bxa8 c4+ 20. Kh2 Ng4+ 21. hxg4 Bxg4 22. Rh1 Rxa8 23. Qe4 Re8 0-1

[Event "Cheliabinsk-A"]
[Site "Cheliabinsk"]
[Date "1991.??.??"]
[Round "?"]
[White "Vyzmanavin, Alexey"]
[Black "Nielsen, Peter Heine"]
[Result "1/2-1/2"]
[WhiteElo "2590"]
[BlackElo "2445"]
[PlyCount "94"]
[EventDate "1991.12.??"]
[Source "www.chesslib.no"]
[SourceDate "2004.05.04"]

1. d4 Nf6 2. c4 d6 3. Nf3 Nbd7 4. Nc3 e5 5. Bg5 Be7 6. e3 c6 7. Qc2 h6 8. Bh4 Nh5 9. Bxe7 Qxe7 10. O-O-O Nhf6 11. h3 a6 12. g4 b5 13. Rg1 Bb7 14. h4 b4 15. Na4 c5 16. d5 g6 17. g5 hxg5 18. hxg5 Nh7 19. Bh3 Bc8 20. Bxd7+ Bxd7 21. Nb6 Rd8 22. Nxd7 Qxd7 23. Nd2 Qf5 24. Ne4 Nf8 25. f4 Ke7 26. Rdf1 Rh4 27. Nf6 Qxc2+ 28. Kxc2 Nd7 29. Ng4 exf4 30. exf4 Re8 31. Rf3 Kd8 32. Kd3 a5 33. b3 Ke7 34. Rg2 a4 35. Nf2 axb3 36. axb3 Ra8 37. Ne4 Ra3 38. Nd2 Ra2 39. Re2+ Kd8 40. Ne4 Rxe2 41. Kxe2 Rh2+ 42. Rf2 Rxf2+ 43. Nxf2 Ke7 44. Kf3 Nf8 45. Ng4 Nd7 46. Nh6 Kf8 47. Ng4 Ke7 1/2-1/2

[Event "Narciso Yepes, Lorca ESP"]
[Site "?"]
[Date "2001.??.??"]
[Round "2"]
[White "Rustemov, A."]
[Black "Garcia Fernandez, C."]
[Result "1-0"]
[WhiteElo "2625"]
[BlackElo "2410"]
[PlyCount "85"]
[EventDate "2001.??.??"]
[Source "www.chesslib.no"]
[SourceDate "2004.05.04"]

1. d4 d6 2. g3 e5 3. Bg2 Be7 4. c4 Nf6 5. Nf3 Nbd7 6. Nc3 O-O 7. O-O c6 8. Qc2 Re8 9. e4 Bf8 10. Be3 a6 11. Rfd1 Qc7 12. Rac1 b6 13. h3 Bb7 14. Qb1 Rac8 15. d5 cxd5 16. cxd5 Qb8 17. a4 Rc7 18. Nd2 Rec8 19. f3 b5 20. axb5 axb5 21. Bf1 b4 22. Na4 Qa8 23. b3 Ba6 24. Rxc7 Rxc7 25. Rc1 Ne8 26. Bxa6 Qxa6 27. Nc4 Rb7 28. Qd3 Nc7 29. Ncb2 f5 30. Qxa6 Nxa6 31. Rc4 fxe4 32. fxe4 Be7 33. Nd3 Kf7 34. Kg2 h6 35. Kf3 Rb5 36. Rc6 Nab8 37. Rc8 Na6 38. Ndb2 Rb8 39. Rc6 Nac5 40. Bxc5 dxc5 41. Nc4 Rb5 42. Nab2 Rb8 43. Nd3 1-0

[Event "Salona"]
[Site "Solin/Split"]
[Date "2000.12.16"]
[Round "8"]
[White "Kovacevic, Vlatko"]
[Black "Hauchard, Arnaud"]
[Result "0-1"]
[WhiteElo "2492"]
[BlackElo "2539"]
[PlyCount "84"]
[EventDate "2000.12.09"]
[Source "ChessBase"]
[SourceDate "2001.03.20"]

1. d4 d6 2. Nf3 Nf6 3. c4 Nbd7 4. Nc3 e5 5. e3 g6 6. a4 Bg7 7. a5 a6 8. Be2 O-O 9. O-O Re8 10. Qc2 Qe7 11. b4 e4 12. Nd2 Nf8 13. b5 h5 14. Ba3 Bf5 15. c5 Ne6 16. cxd6 cxd6 17. Nc4 Rad8 18. bxa6 bxa6 19. Qa4 Ng5 20. Rfb1 Qe6 21. Rb6 Bf8 22. Rxa6 Bg4 23. Qd1 h4 24. d5 Qf5 25. Nxd6 Bxd6 26. Rxd6 Bxe2 27. Qxe2 h3 28. g3 Nf3+ 29. Kh1 Ng4 30. Rxd8 Rxd8 31. a6 Nfe5 32. a7 Nxf2+ 33. Kg1 Nf3+ 34. Kxf2 Nd4+ 35. Ke1 Nxe2 36. Kxe2 Qc8 37. Bc5 Qxc5 38. a8=Q Rxa8 39. Rxa8+ Kg7 40. Nxe4 Qc4+ 41. Kf3 Qxd5 42. Ra4 Qd1+ 0-1

[Event "Bled op"]
[Site "Bled"]
[Date "1999.03.26"]
[Round "7"]
[White "Wilhelmi, Christian"]
[Black "Kozul, Zdenko"]
[Result "1/2-1/2"]
[WhiteElo "2446"]
[BlackElo "2585"]
[PlyCount "242"]
[EventDate "1999.03.20"]
[Source "ChessBase"]
[SourceDate "1999.05.10"]

1. d4 Nf6 2. c4 d6 3. Nc3 Nbd7 4. Nf3 e5 5. Bg5 h6 6. Bh4 g5 7. Bg3 e4 8. Nd2 h5 9. h4 e3 10. fxe3 Ng4 11. Nf3 gxh4 12. Bxh4 Be7 13. Qd3 Bxh4+ 14. Nxh4 Ndf6 15. e4 c6 16. e3 Qb6 17. Qd2 Be6 18. O-O-O Qb4 19. Qe2 O-O-O 20. Nf3 Rhg8 21. a3 Qa5 22. Qe1 Kb8 23. Bd3 b5 24. d5 bxc4 25. Bxc4 cxd5 26. exd5 Bd7 27. Rd4 Rc8 28. Bb3 Ka8 29. Kb1 Rb8 30. Ba4 Qc5 31. Ka1 Ne5 32. Bxd7 Nfxd7 33. Qe2 Rb3 34. Rc1 Rgb8 35. Na2 Qb6 36. Rb4 Qxe3 37. Rxb8+ Kxb8 38. Qc2 Nc5 39. Nxe5 Qxe5 40. Nb4 Kb7 41. Ka2 Kb6 42. Rd1 Re3 43. Nc6 Qe4 44. Qxe4 Nxe4 45. Rf1 Re2 46. Rxf7 Rxg2 47. Nxa7 Nc3+ 48. Kb3 Nd1 49. Rh7 Rxb2+ 50. Kc4 Rc2+ 51. Kd3 Rc5 52. a4 Nb2+ 53. Kd4 h4 54. Nb5 Rc4+ 55. Ke3 Kc5 56. Nc7 Rxa4 57. Ne6+ Kxd5 58. Nf4+ Kc6 59. Rxh4 Nc4+ 60. Ke2 Ne5 61. Ke3 Ra3+ 62. Ke2 Kb5 63. Nd5 Kc5 64. Nc7 Ra2+ 65. Ke3 Nc4+ 66. Kd3 Ra3+ 67. Kc2 Ra7 68. Kc3 Ra3+ 69. Kc2 d5 70. Nxd5 Kxd5 71. Rh5+ Kd4 72. Rh4+ Kc5 73. Rh8 Nd6 74. Rd8 Ne4 75. Kd1 Ra2 76. Ke1 Kc4 77. Kf1 Nc3 78. Rf8 Ne4 79. Rd8 Kc3 80. Rd7 Nc5 81. Rd6 Nd3 82. Rd8 Rf2+ 83. Kg1 Re2 84. Kf1 Kd2 85. Ra8 Rf2+ 86. Kg1 Rf5 87. Kg2 Ke3 88. Rg8 Rf2+ 89. Kg3 Rf3+ 90. Kh4 Ke4 91. Rg4+ Nf4 92. Rg3 Rf1 93. Kg5 Nd5 94. Rg2 Rf5+ 95. Kh6 Nf4 96. Ra2 Rb5 97. Kg7 Kf5 98. Kf7 Rb7+ 99. Ke8 Ke5 100. Ra1 Rc7 101. Re1+ Kd6 102. Kf8 Ng6+ 103. Ke8 Ne5 104. Kf8 Ke6 105. Kg8 Rc2 106. Kg7 Rg2+ 107. Kh6 Rf2 108. Kg5 Rf8 109. Re2 Rf1 110. Re3 Rg1+ 111. Kh4 Kf5 112. Ra3 Ng6+ 113. Kh3 Nf4+ 114. Kh2 Rg2+ 115. Kh1 Rg8 116. Kh2 Rg7 117. Rb3 Ke4 118. Ra3 Nd5 119. Kh3 Ne3 120. Kh4 Nd  121. Kh3 Rg8 1/2-1/2

[Event "It (Open) Sevilla ESP"]
[Site "?"]
[Date "2006.01.10"]
[Round "4.1"]
[White "Paunovic Dragan"]
[Black "Hickl Joerg"]
[Result "1/2-1/2"]
[WhiteElo "2475"]
[BlackElo "2555"]
[PlyCount "74"]
[EventDate "2006.??.??"]
[Source "www.chesslib.no"]
[SourceDate "2004.05.04"]

1. Nf3 d6 2. d4 Nf6 3. g3 Nbd7 4. c4 e5 5. Nc3 c6 6. Qc2 Be7 7. Bg2 O-O 8. O-O Re8 9. Rd1 Bf8 10. d5 Qc7 11. h3 cxd5 12. cxd5 b5 13. a3 Nb6 14. Qb3 a6 15. Bg5 Nfd7 16. Rac1 Qb7 17. Be3 Nc4 18. Na2 Nxe3 19. Qxe3 Nb6 20. Nb4 Bd7 21. Nd2 Rac8 22. Qb3 f5 23. Nc6 e4 24. Nb1 Kh8 25. Na5 Qa8 26. Rxc8 Qxc8 27. e3 Be7 28. Nc3 Bf6 29. Ne2 Qc5 30. Rc1 Qxd5 31. Qxd5 Nxd5 32. Rd1 Be6 33. Nd4 Bxd4 34. Rxd4 Rc8 35. Nb7 Rc2 36. Nxd6 g6 37. g4 Nf6 1/2-1/2

[Event "CSR Ch"]
[Site "Trencianske Teplice SVK"]
[Date "1979.??.??"]
[Round "15"]
[White "Uhlmann, Wolfgang"]
[Black "Vogt, Lothar H"]
[Result "1/2-1/2"]
[WhiteElo "2530"]
[BlackElo "2500"]
[PlyCount "26"]
[EventDate "1979.11.??"]
[Source "www.chesslib.no"]
[SourceDate "2004.05.04"]

1. c4 Nf6 2. Nc3 e5 3. Nf3 d6 4. d4 Nbd7 5. e3 Be7 6. Be2 O-O 7. O-O c6 8. Qc2 a5 9. b3 Qc7 10. Ba3 Re8 11. Rfd1 Nf8 12. h3 Ng6 13. Rd2 e4 1/2-1/2

[Event "Komercni Banka op"]
[Site "Pardubice"]
[Date "1997.07.21"]
[Round "5"]
[White "Burmakin, Vladimir"]
[Black "Vokac, Marek"]
[Result "1/2-1/2"]
[WhiteElo "2550"]
[BlackElo "2480"]
[PlyCount "60"]
[EventDate "1997.07.17"]
[Source "www.chesslib.no"]
[SourceDate "2004.05.04"]

1. d4 Nf6 2. Nf3 d6 3. c4 Nbd7 4. Nc3 c6 5. g3 e5 6. dxe5 dxe5 7. Bg2 Be7 8. O-O O-O 9. Qc2 Re8 10. b3 Qc7 11. Bb2 Nf8 12. Nh4 Ne6 13. Nf5 Bf8 14. Rad1 g6 15. Nh4 Nd4 16. Qc1 Bg7 17. e3 Nf5 18. Nf3 h5 19. e4 Nd6 20. c5 Ndxe4 21. Nxe4 Nxe4 22. Rfe1 f5 23. Nh4 Qf7 24. Bxe4 fxe4 25. Rd6 Be6 26. Qg5 Kh7 27. Bxe5 Bh6 28. Qf6 Qxf6 29. Bxf6 Bf8 30. Rxe4 Bxd6 1/2-1/2

[Event "Tashkent"]
[Site "Tashkent"]
[Date "1992.??.??"]
[Round "?"]
[White "Serper, Grigory"]
[Black "Safin, Shukhrat"]
[Result "1/2-1/2"]
[WhiteElo "2575"]
[BlackElo "2450"]
[PlyCount "65"]
[EventDate "1992.??.??"]
[Source "www.chesslib.no"]
[SourceDate "2004.05.04"]

1. c4 Nf6 2. Nc3 e5 3. Nf3 d6 4. d4 exd4 5. Nxd4 g6 6. g3 Bg7 7. Bg2 O-O 8. O-O Nbd7 9. b3 Re8 10. Bb2 Nc5 11. Qc2 a5 12. a3 c6 13. b4 axb4 14. axb4 Rxa1 15. Rxa1 Ne6 16. Nxe6 Bxe6 17. b5 Ng4 18. bxc6 bxc6 19. Ra6 Bxc4 20. Rxc6 Ne5 21. Qa4 Nxc6 22. Bxc6 Rxe2 23. Nxe2 Bxe2 24. Bxg7 Kxg7 25. Qd4+ Kg8 26. h4 h5 27. Bd5 Bg4 28. Kg2 Qe7 29. Be4 Be6 30. Kf3 Qd7 31. Ke3 d5 32. Bf3 Qd6 33. Bg2 1/2-1/2

[Event "E0253, DESC"]
[Site "?"]
[Date "1999.??.??"]
[Round "?"]
[White "Krahl, Wolfgang"]
[Black "Hartmann, Kurt"]
[Result "0-1"]
[WhiteElo "2545"]
[BlackElo "2480"]
[PlyCount "42"]
[EventDate "1999.??.??"]
[Source "www.chesslib.no"]
[SourceDate "2004.05.04"]

1. c4 Nc6 2. Nf3 d6 3. Nc3 Nf6 4. d4 e5 5. d5 Ne7 6. Bg5 Ng6 7. e4 Bg4 8. h3 Bxf3 9. Qxf3 h6 10. Bxf6 Qxf6 11. Qg4 Qf4 12. Qd1 O-O-O 13. Qa4 a6 14. b4 Be7 15. b5 Bh4 16. g3 Qf3 17. Rg1 Qxc3+ 18. Ke2 Qxa1 19. gxh4 Nxh4 20. Rxg7 Rdf8 21. Rxf7 Rxf7 0-1

[Event "Berliner Sommer 16th"]
[Site "Berlin"]
[Date "1998.??.??"]
[Round "5"]
[White "Lerner, Konstantin Z"]
[Black "Espig, Lutz"]
[Result "1/2-1/2"]
[WhiteElo "2580"]
[BlackElo "2440"]
[PlyCount "83"]
[EventDate "1998.08.08"]
[Source "ChessBase"]
[SourceDate "1998.11.06"]

1. d4 Nf6 2. Nf3 d6 3. g3 Nbd7 4. Bg2 e5 5. c4 Be7 6. Nc3 O-O 7. O-O c6 8. Qc2 a6 9. h3 Qc7 10. Bg5 b6 11. Rfd1 Bb7 12. Rac1 Rfe8 13. b4 Rac8 14. Qb3 Qb8 15. dxe5 dxe5 16. Be3 Qc7 17. Rc2 c5 18. b5 a5 19. Nh4 Bxg2 20. Nxg2 h6 21. Bc1 Nf8 22. Ne3 Ne6 23. Ncd5 Qb8 24. Bb2 Nd4 25. Bxd4 cxd4 26. Nxf6+ Bxf6 27. Nd5 Be7 28. Qf3 Bc5 29. Qe4 Qd6 30. Kg2 Qe6 31. g4 g6 32. f4 exf4 33. Qxe6 Rxe6 34. Nxf4 Re7 35. Nd5 Re6 36. Rd3 Kg7 37. Rf3 Re5 38. Kf1 h5 39. gxh5 Rxh5 40. Rd2 Re5 41. Rdd3 Re6 42. a4 1/2-1/2

[Event "Extraliga 2004/05"]
[Site "?"]
[Date "2005.02.20"]
[Round "7"]
[White "Haba Petr"]
[Black "Mista Aleksander"]
[Result "1-0"]
[WhiteElo "2525"]
[BlackElo "2495"]
[PlyCount "134"]
[EventDate "2005.??.??"]
[Source "www.chesslib.no"]
[SourceDate "2004.05.04"]

1. d4 Nf6 2. c4 d6 3. Nc3 Nbd7 4. Nf3 e5 5. Bg5 Be7 6. e3 O-O 7. Qc2 Re8 8. Be2 c6 9. O-O Qc7 10. Rfd1 Nf8 11. h3 Ng6 12. Rac1 h6 13. dxe5 Nxe5 14. Bf4 b6 15. b4 a5 16. b5 c5 17. Nxe5 dxe5 18. Bf3 Rb8 19. Bg3 Be6 20. Nd5 Bxd5 21. Bxd5 Red8 22. Bc6 Bd6 23. Rd2 Qe7 24. Rcd1 Bc7 25. Bd5 Nxd5 26. Rxd5 Rxd5 27. Rxd5 Rd8 28. Qe4 Rxd5 29. Qxd5 Qd6 30. Qb7 g6 31. Kh2 Qe7 32. Qd5 Kg7 33. Qc6 Qd6 34. Qe8 Qf6 35. f3 Qd6 36. f4 exf4 37. Bxf4 Qd8 38. Qxd8 Bxd8 39. g4 h5 40. gxh5 gxh5 41. Kg3 Kf6 42. Kf3 Kf5 43. Bg3 Ke6 44. Bb8 Kf5 45. a4 Kg5 46. Bg3 Kf5 47. Bf4 Ke6 48. Ke4 f5+ 49. Kf3 Kf6 50. e4 Kg6 51. exf5+ Kxf5 52. Bg3 Ke6 53. Ke4 Kd7 54. Kf5 Be7 55. Bf4 Bd8 56. Bg5 Bc7 57. h4 Bb8 58. Kg6 Ke6 59. Kxh5 Ke5 60. Kg6 Kd4 61. h5 Kxc4 62. h6 Be5 63. Bf6 Bxf6 64. Kxf6 Kb3 65. h7 c4 66. h8=Q c3 67. Ke6 Kxa4 1-0

[Event "Catalunya Team Ch"]
[Site "Catalunya"]
[Date "1996.??.??"]
[Round "?"]
[White "Comas Fabrego, Luis"]
[Black "Spraggett, Kevin B"]
[Result "1/2-1/2"]
[WhiteElo "2470"]
[BlackElo "2545"]
[PlyCount "73"]
[EventDate "1996.??.??"]
[Source "www.chesslib.no"]
[SourceDate "2004.05.04"]

1. d4 Nf6 2. c4 c6 3. Nc3 d6 4. g3 Nbd7 5. Bg2 e5 6. Nf3 Be7 7. O-O O-O 8. Qc2 Re8 9. e4 Qc7 10. Be3 b6 11. Rfd1 Bb7 12. Rac1 Rad8 13. h3 Bf8 14. d5 c5 15. Ne1 g6 16. Nd3 Bc8 17. b4 Nh5 18. Qe2 a6 19. Rb1 Bb7 20. bxc5 bxc5 21. Na4 Bc8 22. Bd2 Re7 23. Qe1 Rde8 24. Ba5 Qa7 25. Qe2 Bh6 26. Nb6 Nxb6 27. Rxb6 Qd7 28. Rdb1 Qa4 29. Bd2 Bxd2 30. Qxd2 Qd7 31. Qc3 Ng7 32. f4 f6 33. a3 Qd8 34. Kh2 h5 35. Rf1 Rf7 36. Qd2 Kh7 37. Rf2 1/2-1/2

[Event "Vrnjacka Banja"]
[Site "?"]
[Date "1978.??.??"]
[Round "1"]
[White "Nikolac Juraj"]
[Black "Ermenkov Evgenij"]
[Result "1/2-1/2"]
[WhiteElo "2495"]
[BlackElo "2520"]
[PlyCount "35"]
[EventDate "1978.??.??"]
[Source "www.chesslib.no"]
[SourceDate "2004.05.04"]

1. d4 Nf6 2. c4 d6 3. Nc3 Nbd7 4. Nf3 e5 5. Bg5 Be7 6. e3 Ng8 7. Bxe7 Nxe7 8. Be2 O-O 9. O-O Ng6 10. Qc2 Re8 11. Rad1 a5 12. Rfe1 b6 13. Bd3 Bb7 14. Be4 Bxe4 15. Nxe4 Nf6 16. dxe5 Nxe4 17. Qxe4 Nxe5 18. Nxe5 1/2-1/2

[Event "CZE-ch"]
[Site "Lazne Bohdanec"]
[Date "1999.06.10"]
[Round "8"]
[White "Haba, Petr"]
[Black "Jansa, Vlastimil"]
[Result "1-0"]
[WhiteElo "2545"]
[BlackElo "2467"]
[PlyCount "125"]
[EventDate "1999.06.??"]
[Source "ChessBase"]
[SourceDate "1999.07.10"]

1. d4 d6 2. c4 e5 3. Nf3 e4 4. Ng5 Nf6 5. Nc3 Qe7 6. Qc2 Bf5 7. f3 Nc6 8. d5 Ne5 9. Ngxe4 Nxe4 10. Nxe4 g6 11. Qa4+ Bd7 12. Qb3 Bg7 13. Qxb7 Rc8 14. e3 O-O 15. Be2 f5 16. Nf2 f4 17. e4 g5 18. h3 h5 19. Qb3 Rb8 20. Qa3 Ng6 21. Rb1 Nh4 22. Kf1 Rbe8 23. Qd3 Be5 24. Bd2 Rf7 25. Bc3 Bxc3 26. bxc3 Ref8 27. Qd4 g4 28. hxg4 hxg4 29. fxg4 Ng6 30. Bf3 Ne5 31. Ke2 Rh7 32. Rxh7 Qxh7 33. Rh1 Qg7 34. Rh4 c5 35. dxc6 Be6 36. Kf1 Bxc4+ 37. Kg1 Bxa2 38. Nd3 Ng6 39. Rh5 Bb1 40. Qxg7+ Kxg7 41. e5 d5 42. Nc5 Rc8 43. Ne6+ Kf7 44. Bxd5 Ne7 45. c4 a5 46. Rh3 a4 47. Ra3 Ke8 48. Nd4 Ra8 49. c7 Nxd5 50. cxd5 Kd7 51. d6 Be4 52. Kf2 Bb7 53. g3 fxg3+ 54. Kxg3 Re8 55. Kf4 Rf8+ 56. Nf5 Ra8 57. Ne7 Rf8+ 58. Kg5 Ra8 59. Kf6 Rf8+ 60. Kg5 Ra8 61. Kg6 Ra5 62. Kf6 Ra8 63. Kf7 1-0

[Event "XIX Czech Open Synthesia Rapid"]
[Site "Pardubice CEC"]
[Date "2008.07.17"]
[Round "6"]
[White "Arutinian, D."]
[Black "Paichadze, L."]
[Result "1/2-1/2"]
[WhiteElo "2586"]
[BlackElo "2426"]
[PlyCount "129"]
[EventDate "2008.07.16"]
[Source "www.chesslib.no"]
[SourceDate "2004.05.04"]

1. c4 Nf6 2. Nc3 e5 3. Nf3 d6 4. g3 Nbd7 5. Bg2 Be7 6. O-O O-O 7. d4 c6 8. Qc2 a6 9. Rd1 Qc7 10. Be3 Re8 11. Rac1 Bf8 12. h3 g6 13. Qd2 b6 14. d5 c5 15. a3 Bg7 16. Bg5 Kh8 17. e4 Ng8 18. Qc2 Nf8 19. Nh4 Bd7 20. b4 cxb4 21. axb4 Qxc4 22. Qb2 a5 23. b5 Rec8 24. Be3 Qb4 25. Qa1 a4 26. Bxb6 Bxb5 27. Nxb5 Qxb5 28. Rb1 Qd7 29. Bf1 Nf6 30. Rb4 a3 31. Kg2 Qe7 32. Be3 N8d7 33. Rd3 Nc5 34. Bxc5 dxc5 35. Rc4 Qa7 36. Nf3 Ne8 37. Rcc3 a2 38. Rc2 Nd6 39. Rdd2 Qd7 40. Rxa2 Rxa2 41. Rxa2 Nxe4 42. Ra8 Nd6 43. Nxe5 Qb7 44. Rxc8+ Nxc8 45. Kh2 Qxd5 46. Qa6 Bxe5 47. Qxc8+ Kg7 48. Qg4 Qd2 49. Kg2 Bd4 50. Qe2 Qg5 51. Qf3 Qe7 52. Bc4 f5 53. h4 Kf6 54. Qc6+ Kg7 55. Kf1 f4 56. Qe6 Qxe6 57. Bxe6 fxg3 58. fxg3 Kf6 59. Bg8 h6 60. Ke2 Bc3 61. g4 h5 62. gxh5 gxh5 63. Kf3 Be1 64. Kg2 Bxh4 65. Kh1 1/2-1/2

[Event "Cto Espana Equipos OROMANA-LABRADORES"]
[Site "?"]
[Date "1998.??.??"]
[Round "5"]
[White "Matamoros, C."]
[Black "Spraggett, K."]
[Result "1/2-1/2"]
[WhiteElo "2450"]
[BlackElo "2560"]
[PlyCount "47"]
[EventDate "1998.??.??"]
[Source "www.chesslib.no"]
[SourceDate "2004.05.04"]

1. d4 d6 2. g3 Nd7 3. c4 e5 4. Nf3 Ngf6 5. Nc3 Be7 6. Bg2 O-O 7. O-O c6 8. Qc2 Re8 9. b3 Bf8 10. Bb2 a6 11. e3 h6 12. a4 a5 13. Rad1 exd4 14. exd4 d5 15. Ne5 Nb8 16. h3 Na6 17. f4 Nb4 18. Qb1 g6 19. g4 Bg7 20. Qc1 Re7 21. Rf2 Re8 22. Qd2 Re7 23. Rdf1 Rc7 24. Re1 1/2-1/2

[Event "Donetzk zt"]
[Site "Donetsk"]
[Date "1998.11.06"]
[Round "5"]
[White "Komarov, Dimitri"]
[Black "Miroshnichenko, Evgenij"]
[Result "1-0"]
[WhiteElo "2570"]
[BlackElo "2440"]
[PlyCount "47"]
[EventDate "1998.11.02"]
[Source "ChessBase"]
[SourceDate "1999.02.01"]

1. Nf3 Nf6 2. c4 d6 3. d4 Nc6 4. Nc3 e5 5. d5 Ne7 6. e4 g6 7. c5 Bg7 8. cxd6 cxd6 9. Be2 O-O 10. Nd2 Ne8 11. O-O f5 12. a4 Bh6 13. Nc4 Bxc1 14. Rxc1 fxe4 15. Nxe4 Nf5 16. f4 exf4 17. Rxf4 Qe7 18. Qd2 g5 19. Nxg5 Neg7 20. Ne4 Bd7 21. Rcf1 Bxa4 22. g4 Nh4 23. Ncxd6 Ng6 24. Rf7 1-0

[Event "III Memorial E.Geller - Open A"]
[Site "Odessa UCR"]
[Date "2007.09.10"]
[Round "3"]
[White "Eingorn, Vereslav"]
[Black "Smirnov, Igor"]
[Result "1/2-1/2"]
[WhiteElo "2586"]
[BlackElo "2423"]
[PlyCount "68"]
[EventDate "2007.09.08"]
[Source "www.chesslib.no"]
[SourceDate "2004.05.04"]

1. Nf3 Nf6 2. c4 d6 3. g3 e5 4. Bg2 Be7 5. Nc3 O-O 6. d4 Nbd7 7. O-O c6 8. Qc2 Re8 9. Rd1 Qc7 10. h3 a6 11. b3 Bf8 12. Be3 e4 13. Ne1 d5 14. cxd5 cxd5 15. Nxe4 Qxc2 16. Nxf6+ Nxf6 17. Nxc2 Bf5 18. Ne1 Rac8 19. g4 Be4 20. Bf1 Ba3 21. Bc1 Bb4 22. Bb2 h5 23. f3 Bg6 24. Kf2 hxg4 25. hxg4 Bd6 26. e3 Bb4 27. Rac1 Rxc1 28. Bxc1 Rc8 29. Bb2 Nd7 30. a3 Bc2 31. Ra1 Bxe1+ 32. Kxe1 Bxb3 33. Bd3 Nb6 34. Rc1 Re8 1/2-1/2